| 000 | 01486 a2200217 4500 | ||
|---|---|---|---|
| 005 | 20080829115732.0 | ||
| 008 | 080829t xxu||||| |||| 00| 0 hin d | ||
| 010 | _aHIN-82686 | ||
| 020 |
_a8188913138 _c240.00 |
||
| 035 | _aHN-55032 | ||
| 037 | _bपु.प्र.अ.प्र / प्रका. | ||
| 082 | _a821.08 | ||
| 245 |
_aसुब्रह्मण्य भारती की राष्ट्रीय कविताएँ एवं 'पांचाली शपथम्'/ _cनागेश्वरम् सुंदरम् एवं विश्वनाथ सिंह 'विश्वासी' |
||
| 246 |
_aSubramany Bharti kee Rashtriya Kavitaya avam 'Panchali Shapatham' _bNageshwar Sundram and Vishvanath Singh ' Vishwasi ' |
||
| 260 |
_aदिल्ली _bग्रंथ सदन _c2007 |
||
| 270 |
_a27/109ए/3 (भूतल) शंकर गली के सामने मेन पांडव रोड,ज्वाला नगर,शाहदरा _bदिल्ली _e110032 |
||
| 300 |
_a191पृ _c22 सेमी(सजिल्द) |
||
| 700 | _aविश्वनाथ सिंह 'विश्वासी' | ||
| 942 |
_adpl _cHN _k821.08 / सुब्रह्म _2ddc _h821.08 _mसुब्रह्म |
||
| 999 |
_c10896 _d10896 |
||